00439nam a2200169 a 45000010005000000030009000050080041000140400028000550820016000831000022000992450033001212500007001542600035001613000015001964900025002116500033002365901CO-ViMGA141112s2004 ck r 000 u spa d aCO-ViMGAbspacCO-ViMGA04a923.2 B674a1 aAlmela, Francisco10aLucrecia Borgia y su familia a5a aBarcelona : bJuventud, c1986 a253 p : il aGrandes biografías14aBORGIA, LUCRECIA 1480 - 1519